| 000 | 01563nam a2200457 i 4500 | ||
|---|---|---|---|
| 001 | 30477 | ||
| 003 | KOSZ 005 | ||
| 005 | 20201014130816.0 | ||
| 008 | 080824s1966 pl a f |000 0 pol | ||
| 015 | _aUWD 1966/3411 | ||
| 035 | _a991038585429705066 | ||
| 035 | _a(PL-WaBN)b20329878-48omnis_nlop | ||
| 035 | _ab20329878 | ||
| 035 | _a(OCoLC)750028747 | ||
| 035 | _a(PL)b0000002032987 | ||
| 035 | _a(EXLNZ-48OMNIS_NETWORK)9910118125905606 | ||
| 040 |
_aWA N _cWA N _dKOSZ 005/EG |
||
| 041 | _apol | ||
| 046 | _k1966 | ||
| 080 | _a37.016 | ||
| 100 | 1 |
_aNowacki, Tadeusz Wacław _d(1913-2011) _eAutor |
|
| 245 | 1 | 0 |
_aTreść i proces kształcenia politechnicznego / _cTadeusz Nowacki. |
| 260 |
_aWarszawa : _bPaństwowe Zakłady Wydawnictw Szkolnych, _c1966. |
||
| 300 |
_a203, [1] s. : _bil. ; _c23 cm. |
||
| 336 |
_aTekst _btxt _2rdacontent |
||
| 337 |
_aBez urządzenia pośredniczącego _bn _2rdamedia |
||
| 338 |
_aWolumin _bnc _2rdacarrier |
||
| 380 | _aKsiążki | ||
| 388 | _a1901-2000 | ||
| 388 | _a1945-1989 | ||
| 490 | 1 |
_aBiblioteka Nauczyciela. B, Treść i Metody Nauczania _v5 |
|
| 504 | _aBibliogr. | ||
| 650 | 7 | _aMetody nauczania | |
| 650 | 7 | _aTechnika | |
| 658 | _aEdukacja i pedagogika | ||
| 710 | 2 |
_aPaństwowe Zakłady Wydawnictw Szkolnych _4pbl |
|
| 830 | 0 |
_aBiblioteka Nauczyciela. _nB, _pTreść i Metody Nauczania _v5 |
|
| 856 |
_uhttp://koha.tu.koszalin.pl/cgi-bin/koha/opac-detail.pl?biblionumber=30477 _yKatalog online BPK |
||
| 942 |
_2UKD _cKS |
||
| 999 |
_c30477 _d30477 |
||